LEADER 01448nam a2200313 a 4500 001 000000122884 003 CaOOAMICUS 005 20130820121634.0 008 100901t2010 it 001 0 ita r 020 $a978-88-10-50844-2 040 $aPUL$bita$dReb 082 04$a248.4 245 00$aMemoria, perdono, ricostruzione :$banalisi teoriche e applicazioni psicoterapeutiche /$ca cura di Adriana Gentilini, Andrea Arvalli, Patrizia Terrin. 260 $aBologna :$bEdizioni Dehoniane,$c©2010. 300 $a147 p. ;$c22 cm. 490 1 $aPsicologia e formazione ;$v44 504 $aBibliografia in fine. 650 4$aPerdono$xPsicologia.$0(OLS)http://pul/subject/37177 700 1 $aGentilini, Adriana.$0(OLS)http://pul/name/77220 700 1 $aArvalli, Andrea.$0(OLS)http://pul/name/77221 700 1 $aTerrin, Patrizia.$0(OLS)http://pul/name/77222 830 0$aPsicologia e formazione ;$v44.$0(OLS)http://pul/title/57220 850 $aPUL 852 $aPUL$W1$xSL Religione 3$y85$m248. 4 GENAD 1$j141121$qDDC 21$B140214$CPULBib$Z2$F140214 $H113668 $82 941 1 $a9 996 $6020$a978-88-10-50844-2$9(OLS)http://pul/number/145297 996 $6082$a248.4$9(OLS)http://pul/classification/625 996 $6245$aMemoria, perdono, ricostruzione :$banalisi teoriche e applicazioni psicoterapeutiche$9(OLS)http://pul/title/154905 996 $6260$aBologna :$bEdizioni Dehoniane$9(OLS)http://pul/publisher/48070 LEADER 01173nam a2200289 u 4500 001 000000047302 003 CaOOAMICUS 005 20070226114853.0 008 990804s1939 it u000 u ita u 035 $a10831555 040 $aMSA$bita 100 1 $aCarlini, Armando,$d1878-1959.$0(OLS)http://pul/name/3657 245 13$aIl mito del realismo /$cArmando Carlini. 260 $aFirenze :$bSansoni,$c1936. 300 $a271 p. ;$c24 cm 490 1 $aStudi di lettere, storia e filosofia ;$v10 504 $aContiene riferimenti bibliografici. 650 4$aFilosofia contemporanea.$0(OLS)http://pul/subject/8502 650 4$aSpiritualismo (filosofia).$0(OLS)http://pul/subject/12032 650 4$aMetafisica.$0(OLS)http://pul/subject/433 650 4$aPersonalitą.$0(OLS)http://pul/subject/6749 830 0$aStudi di lettere, storia e filosofia ;$v10.$0(OLS)http://pul/title/29576 850 $aPUL 852 $aPUL$W1$xDP2 Filosofia 1$y62$m94 C 36$j63233$nBK-PRI$b $qStampati$B63233$CPULBib$Z2$F63233 $81 941 1 $a8 996 $6245$aIl mito del realismo$9(OLS)http://pul/title/63669 996 $6260$aFirenze :$bSansoni$9(OLS)http://pul/publisher/47896